Kisah Saya Saudara Baru
| Main Author: | |
|---|---|
| Format: | Book |
| Published: |
Pahang :
PTS Pub. ,
2005
|
| Subjects: |
MARC
| LEADER | 00000cam a2200000 7i4500 | ||
|---|---|---|---|
| 001 | 0000053708 | ||
| 005 | 20060427.0 | ||
| 008 | 060427s2005 | ||
| 020 | |a 9831920996 | ||
| 090 | 0 | 0 | |a 297.574 NUR |
| 100 | 0 | |a Nuraisyah Chua Abdullah | |
| 245 | 0 | 0 | |a Kisah Saya Saudara Baru |c Nuraisyah Chua Abdullah |
| 260 | |a Pahang : |b PTS Pub. , |c 2005 | ||
| 300 | |a xv,169p. ; |c 21cm. | ||
| 650 | 0 | 0 | |a Nuraisyah Chua Abdullah - Anecdotes |
| 999 | |a 255709 |b Buku |c Rak Terbuka |e Perbadanan Perpustakaan Awam Melaka | ||
| 999 | |a 255710 |b Buku |c Rak Terbuka |e Perbadanan Perpustakaan Awam Melaka | ||